Tun Abdul Ghafar Baba Dalam Kenangan

Bibliographic Details
Main Author: Alias Mohamed
Format: Book
Published: Kuala Lumpur : Gateway Publishing House Sdn Bhd , 2012
Subjects:

MARC

LEADER 00000cam a2200000 7i4500
001 0000106995
005 20201119.0
008 140724 bm
020 |a 9789677500662 
090 0 0 |a KT BOR 
100 1 |a Alias Mohamed 
245 1 0 |a Tun Abdul Ghafar Baba Dalam Kenangan   |c Alias Mohamed 
260 |a Kuala Lumpur :   |b Gateway Publishing House Sdn Bhd ,   |c 2012 
300 |a 94p. ;   |c 23cm. 
650 0 0 |a Koleksi Tokoh Datuk Wira Hj Borhan bin Md. Yaman 
999 |a 0000263139   |b Buku   |c Koleksi Melaka   |e Perbadanan Perpustakaan Awam Melaka